000 00654nam a22002417a 4500
003 UA-OsUOA
001 83980
007 ta
008 20120514b un ||||| |||| 00| 0 ukr d
100 _aМідянка П.М.
090 _a821.161.2
_bМ71
942 _cBK
040 _aUA-OsUOA
_bukr
_cUA-OsUOA
_dUA-OsUOA
245 _aМарамороський розлом
_bпоезії
300 _a216 с.
955 _a3
041 _aukr
080 _a821.161.2
020 _a978-966-671-271-7
260 _aУжгород
_bКарпати
_c2011
650 7 _a82 Література. Літературознавство
_2UDC
999 _c370288
_d370288